La révision de la loi de bioéthique, deux ans après : grands principes et conséquences pour la pratique au laboratoire de biologie de la reproduction (notice n° 1672911)

détails MARC
000 -LEADER
fixed length control field 03772cam a2200409 4500500
005 - DATE AND TIME OF LATEST TRANSACTION
control field 20260301001018.0
041 ## - LANGUAGE CODE
Language code of text/sound track or separate title fre
042 ## - AUTHENTICATION CODE
Authentication code dc
100 10 - MAIN ENTRY--PERSONAL NAME
Personal name Rivet-Danon, Diane
Relator term author
245 00 - TITLE STATEMENT
Title La révision de la loi de bioéthique, deux ans après : grands principes et conséquences pour la pratique au laboratoire de biologie de la reproduction
260 ## - PUBLICATION, DISTRIBUTION, ETC.
Date of publication, distribution, etc. 2023.<br/>
500 ## - GENERAL NOTE
General note 8
520 ## - SUMMARY, ETC.
Summary, etc. Since 1994, in France, bioethics law has set the regulatory framework for Medically Assisted Reproduction (MAR). The latest revision of the law of August 2, 2021, is characterized by major upheavals in the field of MAR and intervenes in several areas: the purpose and conditions to access to MAR, access to origins in the case of gamete or embryo donation, and gametes cryopreservation without medical indication. Indeed, the law authorizes, because of a strong societal demand, the extension of sperm donation to couples of women and unmarried women, as well as the possibility for any person to preserve his/her gametes if he/she meets the age criteria defined by decree. Finally, the law opens the possibility for people born following gamete or embryo donation to have access, from their 18th anniversary, to identifying and/or non-identifying data.These new measures have led to a very important number of MAR requests to fertility and donation centers, and have required the implementation of new circuits in order to harmonize care, without discrimination or prioritization.
520 ## - SUMMARY, ETC.
Summary, etc. Depuis 1994, la loi de bioéthique fixe le cadre réglementaire de l’Assistance Médicale à la Procréation (AMP). La dernière révision de la loi du 2 août 2021 est caractérisée par des bouleversements majeurs dans le domaine de l’AMP et intervient dans plusieurs thématiques de cette discipline : la finalité et les conditions d’accès à l’AMP, l’accès aux origines en cas de don de gamètes ou d’embryons, et l’autoconservation de gamètes sans indication médicale. En effet, la loi autorise, conséquence d’une forte demande sociétale, l’élargissement de l’AMP aux couples de femmes et femmes non mariées et la possibilité pour toute personne de conserver ses gamètes si elle répond aux critères d’âge définis par décret. Enfin la loi ouvre la possibilité aux personnes issues du don d’avoir accès, à partir de leur majorité, à des informations identifiantes et/ou non identifiantes sur le donneur de gamètes.Ces nouvelles mesures ont conduit à une sollicitation très importante des centres d’AMP et de don (CECOS, centre d’étude et de conservation des œufs et du sperme), et ont nécessité la mise en place de nouveaux circuits afin d’harmoniser les prises en charge, sans discrimination, ni priorisation des différentes demandes.
690 ## - LOCAL SUBJECT ADDED ENTRY--TOPICAL TERM (OCLC, RLIN)
Topical term or geographic name as entry element anonymat
690 ## - LOCAL SUBJECT ADDED ENTRY--TOPICAL TERM (OCLC, RLIN)
Topical term or geographic name as entry element assistance médicale à la procréation
690 ## - LOCAL SUBJECT ADDED ENTRY--TOPICAL TERM (OCLC, RLIN)
Topical term or geographic name as entry element CECOS
690 ## - LOCAL SUBJECT ADDED ENTRY--TOPICAL TERM (OCLC, RLIN)
Topical term or geographic name as entry element don de gamètes
690 ## - LOCAL SUBJECT ADDED ENTRY--TOPICAL TERM (OCLC, RLIN)
Topical term or geographic name as entry element don de spermatozoïdes
690 ## - LOCAL SUBJECT ADDED ENTRY--TOPICAL TERM (OCLC, RLIN)
Topical term or geographic name as entry element loi de bioéthique
690 ## - LOCAL SUBJECT ADDED ENTRY--TOPICAL TERM (OCLC, RLIN)
Topical term or geographic name as entry element anonymity
690 ## - LOCAL SUBJECT ADDED ENTRY--TOPICAL TERM (OCLC, RLIN)
Topical term or geographic name as entry element assisted reproductive technologies
690 ## - LOCAL SUBJECT ADDED ENTRY--TOPICAL TERM (OCLC, RLIN)
Topical term or geographic name as entry element bioethics law
690 ## - LOCAL SUBJECT ADDED ENTRY--TOPICAL TERM (OCLC, RLIN)
Topical term or geographic name as entry element gamete donation
690 ## - LOCAL SUBJECT ADDED ENTRY--TOPICAL TERM (OCLC, RLIN)
Topical term or geographic name as entry element sperm donation
700 10 - ADDED ENTRY--PERSONAL NAME
Personal name Ly, Anna
Relator term author
700 10 - ADDED ENTRY--PERSONAL NAME
Personal name Prades-Borio, Marie
Relator term author
700 10 - ADDED ENTRY--PERSONAL NAME
Personal name Berthaut, Isabelle
Relator term author
700 10 - ADDED ENTRY--PERSONAL NAME
Personal name Ogouma-Aworet, Ludmilla
Relator term author
700 10 - ADDED ENTRY--PERSONAL NAME
Personal name Panissard, Charlotte
Relator term author
700 10 - ADDED ENTRY--PERSONAL NAME
Personal name Bachelot, Guillaume
Relator term author
700 10 - ADDED ENTRY--PERSONAL NAME
Personal name Lévy, Rachel
Relator term author
700 10 - ADDED ENTRY--PERSONAL NAME
Personal name Dupont, Charlotte
Relator term author
700 10 - ADDED ENTRY--PERSONAL NAME
Personal name Sermondade, Nathalie
Relator term author
786 0# - DATA SOURCE ENTRY
Note Annales de Biologie Clinique | 81 | 6 | 2023-11-01 | p. 621-627 | 0003-3898
856 41 - ELECTRONIC LOCATION AND ACCESS
Uniform Resource Identifier <a href="https://stm.cairn.info/revue-annales-de-biologie-clinique-2023-6-page-621?lang=fr&redirect-ssocas=7080">https://stm.cairn.info/revue-annales-de-biologie-clinique-2023-6-page-621?lang=fr&redirect-ssocas=7080</a>

Pas d'exemplaire disponible.

PLUDOC

PLUDOC est la plateforme unique et centralisée de gestion des bibliothèques physiques et numériques de Guinée administré par le CEDUST. Elle est la plus grande base de données de ressources documentaires pour les Étudiants, Enseignants chercheurs et Chercheurs de Guinée.

Adresse

627 919 101/664 919 101

25 boulevard du commerce
Kaloum, Conakry, Guinée

Réseaux sociaux

Powered by Netsen Group @ 2025